Catálogo

AVANCES EN EMERGENCIAS Y RESUCITACION III (Registro nro. 39844)

Detalles MARC
000 -LEADER
fixed length control field 00771nam a2200181 a 4500
001 - CONTROL NUMBER
control field 39844
005 - DATE AND TIME OF LATEST TRANSACTION
control field 20180714013522.0
008 - FIXED-LENGTH DATA ELEMENTS--GENERAL INFORMATION
fixed length control field 140415s1998 sp 000 0 spa d
020 ## - INTERNATIONAL STANDARD BOOK NUMBER
International Standard Book Number 847877209X
041 ## - LANGUAGE CODE
Language code of text/sound track or separate title spa
082 ## - DEWEY DECIMAL CLASSIFICATION NUMBER
Classification number 616.025
Item number AVA
245 00 - TITLE STATEMENT
Title AVANCES EN EMERGENCIAS Y RESUCITACION III
250 ## - EDITION STATEMENT
Edition statement 1a ed.
260 ## - PUBLICATION, DISTRIBUTION, ETC.
Place of publication, distribution, etc. ESPAÑA :
Name of publisher, distributor, etc. EDIKA-MED,
Date of publication, distribution, etc. 1998
300 ## - PHYSICAL DESCRIPTION
Extent 140
Dimensions x 17 x 24
520 ## - SUMMARY, ETC.
Summary, etc. AVANCES EN EMERGENCIAS Y RESUCITACION III: ESTE LIBRO NARRA ASPECTOS ACTUALES Y RECOMENDACIONES SOBRE AQUELLAS SITUACIONES CRITICAS MAS FRECUENTES Y CON MAYOR REPERCUSION EN LA SALUD PUBLICA TRAT TEMAS COMO DONACION DE ORGANOS, QUE HACER EN LAS CATASTROFES Y QUE HACER PARA TRASLADAR A PERSONAS ACCIDENTADAS ETC.
650 14 - SUBJECT ADDED ENTRY--TOPICAL TERM
Topical term or geographic name entry element URGENCIAS MEDICAS
Existencias
Withdrawn status Lost status Source of classification or shelving scheme Damaged status Not for loan Collection code Home library Current library Shelving location Date acquired Source of acquisition Inventory number Total Checkouts Full call number Barcode Date last seen Price effective from Koha item type
    Dewey Decimal Classification     General Biblioteca Karol Wojtyla Biblioteca Karol Wojtyla Sala general 03/12/2013 Compra 151000000000000000001751   616.025 AVA 59836 05/01/2026 03/12/2013 Libro